[Event "SSC-Rostock-Open 2013"]
[Site "Rostock"]
[Date "2013.07.31"]
[Round "1.1"]
[White "Tomczak, Jacek"]
[Black "Mangold, Thomas"]
[Result "1-0"]
[WhiteElo "2564"]
[BlackElo "1884"]
[PlyCount "53"]
[EventDate "2013.07.31"]
[EventType "swiss"]
[EventRounds "7"]
[EventCountry "GER"]
[Source "LSV Meck.-Vorp."]
[SourceDate "1999.06.01"]
[WhiteTeam "SSC Rostock 07"]
[BlackTeam "SSC Rostock 07"]

1. e4 e5 2. Nf3 d6 3. d4 exd4 4. Nxd4 Nf6 5. Nc3 Be7 6. g3 d5 7. e5 Ng4 8. e6
Nf6 9. exf7+ Kxf7 10. Bg2 Nc6 11. Nde2 Bb4 12. O-O Ne7 13. Bg5 c6 14. Bxf6 gxf6
15. Nd4 Bc5 16. Qh5+ Kg7 17. Nce2 Qe8 18. Qf3 Qd7 19. Rfe1 Ng6 20. h4 Qg4 21.
Qc3 Bd6 22. Nxc6 bxc6 23. Qxc6 Qb4 24. Qxa8 Bb7 25. Qxa7 Bc5 26. c3 Qb5 27. Nd4
1-0

[Event "SSC-Rostock-Open 2013"]
[Site "Rostock"]
[Date "2013.07.31"]
[Round "1.2"]
[White "Reznik, Leonid"]
[Black "Brynell, Stellan"]
[Result "0-1"]
[WhiteElo "1869"]
[BlackElo "2484"]
[PlyCount "86"]
[EventDate "2013.07.31"]
[EventType "swiss"]
[EventRounds "7"]
[EventCountry "GER"]
[Source "LSV Meck.-Vorp."]
[SourceDate "1999.06.01"]
[WhiteTeam "TuS Makkabi Rostock"]
[BlackTeam "SSC Rostock 07"]

1. e4 e6 2. d4 d5 3. e5 c5 4. c3 Nc6 5. Nf3 Bd7 6. Be2 f6 7. exf6 Nxf6 8. O-O
cxd4 9. cxd4 Bd6 10. Nc3 O-O 11. Be3 a6 12. a3 Be8 13. b4 Rc8 14. Rc1 h6 15. h3
Bg6 16. Na4 Ne4 17. Nc5 Nxc5 18. bxc5 Bb8 19. g3 Qf6 20. Nh4 Be4 21. Ng2 Rcd8
22. f4 Rd7 23. Bf3 Bc7 24. Be2 Bd8 25. Nh4 Qf7 26. Nf3 Qg6 27. Kh2 Bf6 28. Ne5
Bxe5 29. fxe5 Rxf1 30. Qxf1 Ne7 31. g4 Nc6 32. Qf2 Rf7 33. Qg3 Bd3 34. Bf3 Ne7
35. Rd1 Bc4 36. Qg2 Rf8 37. h4 Qf7 38. Kg3 Ng6 39. Rd2 Nxh4 40. Kxh4 Qxf3 41.
Qg3 g5+ 42. Kh3 Qh1+ 43. Rh2 Bf1+ 0-1

[Event "SSC-Rostock-Open 2013"]
[Site "Rostock"]
[Date "2013.07.31"]
[Round "1.3"]
[White "Stern, Rene"]
[Black "Raitza, Egon"]
[Result "1-0"]
[WhiteElo "2499"]
[BlackElo "1856"]
[PlyCount "81"]
[EventDate "2013.07.31"]
[EventType "swiss"]
[EventRounds "7"]
[EventCountry "GER"]
[Source "LSV Meck.-Vorp."]
[SourceDate "1999.06.01"]
[WhiteTeam "SK Koenig Tegel 1949"]
[BlackTeam "SSC Rostock 07"]

1. d4 d5 2. c4 e6 3. Nc3 Nf6 4. Bg5 Be7 5. e3 c6 6. Nf3 Nbd7 7. Rc1 O-O 8. Bd3
a6 9. cxd5 exd5 10. Qc2 Re8 11. O-O Ne4 12. Bxe4 dxe4 13. Nxe4 h6 14. Bxe7 Qxe7
15. Ng3 Nf6 16. Qc5 Be6 17. Qxe7 Rxe7 18. a3 Bd5 19. Ne5 g6 20. Ne2 Nd7 21.
Nxd7 Rxd7 22. Nc3 Rad8 23. Na4 Re7 24. Rfe1 f5 25. Nc5 a5 26. Nd3 Kg7 27. f3
Bb3 28. Kf2 Kf6 29. Rc5 Rd5 30. Rec1 a4 31. Rxd5 Bxd5 32. Nc5 b5 33. Nd3 g5 34.
Nb4 Re6 35. Rc5 Rd6 36. Ke1 g4 37. Kf2 h5 38. Kg3 Kg5 39. e4 h4+ 40. Kf2 fxe4
41. fxe4 1-0

[Event "SSC-Rostock-Open 2013"]
[Site "Rostock"]
[Date "2013.07.31"]
[Round "1.4"]
[White "Worm, Alfred"]
[Black "Szelag, Marcin"]
[Result "0-1"]
[WhiteElo "1844"]
[BlackElo "2488"]
[PlyCount "52"]
[EventDate "2013.07.31"]
[EventType "swiss"]
[EventRounds "7"]
[EventCountry "GER"]
[Source "LSV Meck.-Vorp."]
[SourceDate "1999.06.01"]
[WhiteTeam "SSC Rostock 07"]
[BlackTeam "SSC Rostock 07"]

1. e4 c5 2. Nf3 d6 3. c3 Nf6 4. Be2 Nc6 5. d4 cxd4 6. cxd4 Nxe4 7. d5 Qa5+ 8.
Nc3 Nxc3 9. bxc3 Nd8 10. Qb3 e5 11. O-O Bd7 12. Bg5 f6 13. Be3 Be7 14. Nd2 f5
15. f4 e4 16. Bh5+ g6 17. Bd4 O-O 18. Be2 Bf6 19. Bxf6 Rxf6 20. h4 Rc8 21. Rfd1
Qc5+ 22. Kf1 Qe3 23. Nc4 Qxf4+ 24. Kg1 Qxh4 25. Qa3 f4 26. Nxd6 f3 0-1

[Event "SSC-Rostock-Open 2013"]
[Site "Rostock"]
[Date "2013.07.31"]
[Round "1.6"]
[White "Vladov, Mark"]
[Black "Skibbe, Willi"]
[Result "0-1"]
[WhiteElo "1829"]
[BlackElo "2292"]
[PlyCount "48"]
[EventDate "2013.07.31"]
[EventType "swiss"]
[EventRounds "7"]
[EventCountry "GER"]
[Source "LSV Meck.-Vorp."]
[SourceDate "1999.06.01"]
[WhiteTeam "SF Ostsee Warnemuende"]
[BlackTeam "SSC Rostock 07"]

1. c4 e5 2. Nc3 Bb4 3. Nd5 Bc5 4. b4 Bd4 5. Rb1 c6 6. e3 Bb6 7. Nc3 d5 8. cxd5
cxd5 9. Bb5+ Nc6 10. Nf3 f6 11. Nxe5 fxe5 12. Qh5+ Kf8 13. Bxc6 bxc6 14. Qxe5
Bc7 15. Qd4 Qf6 16. Qc5+ Ne7 17. Nxd5 cxd5 18. Qxc7 Bf5 19. Bb2 Qg5 20. Qb7 Kf7
21. Rc1 Qxg2 22. Ke2 Bg4+ 23. Kd3 Qe4+ 24. Kc3 Qc4# 0-1

[Event "SSC-Rostock-Open 2013"]
[Site "Rostock"]
[Date "2013.07.31"]
[Round "1.7"]
[White "Hess, Christian"]
[Black "Massloch, Philipp"]
[Result "1-0"]
[WhiteElo "2289"]
[BlackElo "1818"]
[PlyCount "43"]
[EventDate "2013.07.31"]
[EventType "swiss"]
[EventRounds "7"]
[EventCountry "GER"]
[Source "LSV Meck.-Vorp."]
[SourceDate "1999.06.01"]
[WhiteTeam "Koenigsspringer SC 1984"]
[BlackTeam "SAV Torgelow-Droegeheide 90"]

1. Nf3 Nf6 2. c4 c5 3. Nc3 Nc6 4. e3 e6 5. d4 d5 6. cxd5 Nxd5 7. Bc4 cxd4 8.
exd4 Bb4 9. Qd3 a6 10. a3 Ba5 11. O-O b5 12. Bb3 Nce7 13. Bg5 f6 14. Be3 O-O
15. Ne4 Bb6 16. Rac1 Kh8 17. Nc5 Nxe3 18. Qxe3 Nf5 19. Qe4 Ra7 20. Bxe6 Re8 21.
Qxf5 Bxc5 22. Bxc8 1-0

[Event "SSC-Rostock-Open 2013"]
[Site "Rostock"]
[Date "2013.07.31"]
[Round "1.9"]
[White "Puschendorf, Steffen"]
[Black "Jaehn, Janis"]
[Result "1-0"]
[WhiteElo "2220"]
[BlackElo "1747"]
[PlyCount "65"]
[EventDate "2013.07.31"]
[EventType "swiss"]
[EventRounds "7"]
[EventCountry "GER"]
[Source "LSV Meck.-Vorp."]
[SourceDate "1999.06.01"]
[WhiteTeam "ESV Gera"]
[BlackTeam "SF Schwerin"]

1. d4 e6 2. g3 f5 3. Bg2 Nf6 4. c4 c6 5. Nc3 d5 6. Nf3 Bd6 7. O-O O-O 8. Rb1
Ne4 9. Qc2 b6 10. b4 Nxc3 11. Qxc3 b5 12. cxb5 cxb5 13. Bf4 Bb7 14. Bxd6 Qxd6
15. Qc5 Qa6 16. a4 bxa4 17. b5 Qb6 18. Ne5 Qd8 19. Rfc1 Nd7 20. Qd6 Nxe5 21.
Qxe5 Qb6 22. Rc7 Rf7 23. Rbc1 Raf8 24. R7c5 a6 25. bxa6 Qxa6 26. Bf1 Qb6 27. e3
Re7 28. Rb5 Qa7 29. Qd6 Bc8 30. Rbc5 Qd7 31. Qe5 Qb7 32. Rc7 Qb4 33. R1c5 1-0

[Event "SSC-Rostock-Open 2013"]
[Site "Rostock"]
[Date "2013.07.31"]
[Round "1.10"]
[White "Graeber, Gero"]
[Black "Leisner, Hannes"]
[Result "0-1"]
[WhiteElo "1722"]
[BlackElo "2208"]
[PlyCount "98"]
[EventDate "2013.07.31"]
[EventType "swiss"]
[EventRounds "7"]
[EventCountry "GER"]
[Source "LSV Meck.-Vorp."]
[SourceDate "1999.06.01"]
[WhiteTeam "SC Tettnang"]
[BlackTeam "Greifswalder SV"]

1. e4 c5 2. Nf3 e6 3. d4 cxd4 4. Nxd4 a6 5. Be3 Nf6 6. Bd3 Qc7 7. Nd2 d6 8. O-O
Nbd7 9. N2f3 Be7 10. h3 b6 11. Bg5 Bb7 12. Re1 O-O 13. Qd2 Rfe8 14. Re2 Rad8
15. Rae1 b5 16. Bh4 Ne5 17. Bg3 Nxf3+ 18. Nxf3 e5 19. Bh4 Rd7 20. c3 Qd8 21.
Qc1 Nh5 22. Bxe7 Qxe7 23. Qg5 Nf4 24. Rd2 f6 25. Qg3 Kh8 26. Bc2 a5 27. Red1
Red8 28. Kh1 a4 29. Ng1 Qf7 30. b3 d5 31. Qe3 a3 32. Qc5 Rc7 33. Qxa3 Rxc3 34.
f3 Rdc8 35. Qb2 Qg6 36. Bb1 d4 37. Kh2 h5 38. g3 Ne6 39. Bd3 h4 40. Rg2 Qh6 41.
Ne2 Ng5 42. Nxc3 Nxf3+ 43. Kh1 Rxc3 44. Qe2 Ng5 45. gxh4 Nxh3 46. Qf3 Nf4 47.
Rgd2 Qg6 48. Rg1 Rxd3 49. Rxd3 Qxe4 0-1

[Event "SSC-Rostock-Open 2013"]
[Site "Rostock"]
[Date "2013.07.31"]
[Round "1.11"]
[White "Schnicke, Robert"]
[Black "Ehrich, Dieter"]
[Result "1-0"]
[WhiteElo "2199"]
[BlackElo "1710"]
[PlyCount "91"]
[EventDate "2013.07.31"]
[EventType "swiss"]
[EventRounds "7"]
[EventCountry "GER"]
[Source "LSV Meck.-Vorp."]
[SourceDate "1999.06.01"]
[WhiteTeam "TV Winnweiler"]
[BlackTeam "PSV Ribnitz-Damgarten"]

1. e4 b6 2. d4 Bb7 3. Nc3 e6 4. Nf3 Nf6 5. Bg5 h6 6. Bxf6 Qxf6 7. a3 a6 8. Qd3
Be7 9. Be2 O-O 10. O-O c5 11. d5 d6 12. a4 Nd7 13. Rad1 Qg6 14. Nd2 Nf6 15. Nc4
exd5 16. exd5 Qxd3 17. Bxd3 b5 18. axb5 axb5 19. Nxb5 Bxd5 20. Nbxd6 Nd7 21.
Bf5 Nf6 22. Bd3 g6 23. Rfe1 Bd8 24. Ne3 Bc6 25. Ra1 Bc7 26. Ndc4 Rxa1 27. Rxa1
Ra8 28. Rxa8+ Bxa8 29. Nd2 Nd7 30. Nb3 Be5 31. Nc4 Bf6 32. Nbd2 Bd5 33. b3 Ne5
34. Nxe5 Bxe5 35. g3 f5 36. Bc4 Bf7 37. Kf1 Kf8 38. Bxf7 Kxf7 39. Ke2 Ke6 40.
Kd3 g5 41. Nc4 Bc7 42. Ne3 h5 43. Ng2 Be5 44. f4 Bf6 45. fxg5 Bxg5 46. Nf4+ 1-0

[Event "SSC-Rostock-Open 2013"]
[Site "Rostock"]
[Date "2013.07.31"]
[Round "1.12"]
[White "Kreuzinger, Frank"]
[Black "Franz, Karsten"]
[Result "0-1"]
[WhiteElo "1759"]
[BlackElo "2191"]
[PlyCount "108"]
[EventDate "2013.07.31"]
[EventType "swiss"]
[EventRounds "7"]
[EventCountry "GER"]
[Source "LSV Meck.-Vorp."]
[SourceDate "1999.06.01"]
[WhiteTeam "vls./Pirna"]
[BlackTeam "SV Dresden-Leuben"]

1. Nf3 g6 2. g3 Bg7 3. Bg2 d6 4. d4 Nc6 5. O-O e5 6. dxe5 dxe5 7. Qxd8+ Nxd8 8.
Nc3 Ne6 9. Bd2 Ne7 10. Rad1 Bd7 11. Ng5 O-O 12. Nxe6 Bxe6 13. Nb5 Bc4 14. Nc3
c6 15. b3 Ba6 16. Rfe1 Rad8 17. Ne4 b6 18. Bg5 Rxd1 19. Rxd1 f6 20. Rd7 Nf5 21.
Bc1 Bxe2 22. Nc3 Bh5 23. Bxc6 Nd4 24. Bd5+ Kh8 25. Ba3 Rc8 26. Be7 Bg4 27. Rd8+
Rxd8 28. Bxd8 Be6 29. Bxe6 Nxe6 30. Be7 Kg8 31. Nd5 Kf7 32. c4 f5 33. Bd6 Nd4
34. Nc7 e4 35. Kf1 g5 36. Nb5 Nc6 37. Nc7 Bf6 38. Nd5 Bd8 39. Ba3 Ke6 40. Bb2
Ne5 41. Ke2 Nd3 42. Ba3 b5 43. f3 bxc4 44. fxe4 Ne5 45. Ne3 fxe4 46. bxc4 Nf3
47. Nf1 Nd4+ 48. Kf2 Bb6 49. Bc1 Nc2+ 50. Ke2 g4 51. Ne3 Nd4+ 52. Kf2 Nf3 53.
Kg2 Ne5 54. Bd2 a6 0-1

[Event "SSC-Rostock-Open 2013"]
[Site "Rostock"]
[Date "2013.07.31"]
[Round "1.13"]
[White "Hornych, Christoph"]
[Black "Morosova, Svetlana"]
[Result "1-0"]
[WhiteElo "2172"]
[BlackElo "1689"]
[PlyCount "51"]
[EventDate "2013.07.31"]
[EventType "swiss"]
[EventRounds "7"]
[EventCountry "GER"]
[Source "LSV Meck.-Vorp."]
[SourceDate "1999.06.01"]
[WhiteTeam "SF Ostsee Warnemuende"]
[BlackTeam "Think Rochade - SC HRO"]

1. e4 c5 2. Nf3 d6 3. d4 cxd4 4. Nxd4 Nf6 5. Nc3 a6 6. Be2 e6 7. a4 Nc6 8. O-O
Be7 9. Be3 O-O 10. Qd2 Nxd4 11. Bxd4 Qc7 12. Rfd1 e5 13. Be3 Be6 14. f4 Rfd8
15. Bf3 Rac8 16. a5 Nd7 17. f5 Bc4 18. Na4 f6 19. Nb6 Rb8 20. Ra4 Bf7 21. Nd5
Bxd5 22. Qxd5+ Kf8 23. Rc4 Nc5 24. b4 b5 25. Rc3 Qb7 26. bxc5 1-0

[Event "SSC-Rostock-Open 2013"]
[Site "Rostock"]
[Date "2013.07.31"]
[Round "1.14"]
[White "Bardosch, Konstantin"]
[Black "Lick, Patrick"]
[Result "0-1"]
[WhiteElo "1666"]
[BlackElo "2169"]
[PlyCount "66"]
[EventDate "2013.07.31"]
[EventType "swiss"]
[EventRounds "7"]
[EventCountry "GER"]
[Source "LSV Meck.-Vorp."]
[SourceDate "1999.06.01"]
[WhiteTeam "SSC Rostock 07"]
[BlackTeam "SV Laatzen"]

1. d4 Nf6 2. c4 g6 3. Nc3 d5 4. Nf3 Bg7 5. Bf4 O-O 6. e3 c6 7. cxd5 Nxd5 8.
Nxd5 Qxd5 9. b3 Na6 10. Bc4 Qa5+ 11. Qd2 Nb4 12. O-O c5 13. a3 Nc6 14. Qxa5
Nxa5 15. Rac1 cxd4 16. Nxd4 Nxc4 17. Rxc4 e5 18. Bxe5 Bxe5 19. Nf3 Bb2 20. a4
Be6 21. Rb4 b6 22. Ng5 Bc3 23. Rb5 Rac8 24. Nxe6 fxe6 25. Rg5 Bf6 26. Rg4 Rc3
27. b4 Rfc8 28. h4 R3c4 29. f3 Rxg4 30. fxg4 Bxh4 31. Rf4 Bg3 32. Rf1 Rc2 33.
Rd1 Kf8 0-1

[Event "SSC-Rostock-Open 2013"]
[Site "Rostock"]
[Date "2013.07.31"]
[Round "1.15"]
[White "Wenner, Tobias"]
[Black "Wulf, Constanze"]
[Result "1-0"]
[WhiteElo "2136"]
[BlackElo "1615"]
[PlyCount "49"]
[EventDate "2013.07.31"]
[EventType "swiss"]
[EventRounds "7"]
[EventCountry "GER"]
[Source "LSV Meck.-Vorp."]
[SourceDate "1999.06.01"]
[WhiteTeam "SC Eppingen"]
[BlackTeam "SC Mecklenburger Springer"]

1. Nf3 Nf6 2. c4 c6 3. g3 d5 4. Bg2 Nbd7 5. cxd5 cxd5 6. O-O e6 7. d3 Bd6 8.
Nc3 a6 9. e4 dxe4 10. dxe4 Qc7 11. Nd4 Bc5 12. Be3 O-O 13. Rc1 Bxd4 14. Bxd4 e5
15. Nd5 Qd6 16. Nc7 exd4 17. Nxa8 Nc5 18. Qc2 Nfd7 19. b4 Ne6 20. Rfd1 Qxb4 21.
Nc7 Ndc5 22. Nd5 Qa5 23. f4 Bd7 24. f5 Ba4 25. Qd2 1-0

[Event "SSC-Rostock-Open 2013"]
[Site "Rostock"]
[Date "2013.07.31"]
[Round "1.16"]
[White "Schubert, Jens"]
[Black "Weber, Max"]
[Result "0-1"]
[WhiteElo "1613"]
[BlackElo "2108"]
[PlyCount "60"]
[EventDate "2013.07.31"]
[EventType "swiss"]
[EventRounds "7"]
[EventCountry "GER"]
[Source "LSV Meck.-Vorp."]
[SourceDate "1999.06.01"]
[WhiteTeam "SV Turbine Neubrandenburg"]
[BlackTeam "SSC Rostock 07"]

1. e4 c5 2. c3 Nf6 3. e5 Nd5 4. d4 cxd4 5. cxd4 d6 6. f4 Nc6 7. Nf3 dxe5 8.
fxe5 Bf5 9. Bd3 Bxd3 10. Qxd3 Ndb4 11. Qe4 Nxd4 12. Na3 Nxf3+ 13. Qxf3 Qd5 14.
Qxd5 Nxd5 15. O-O e6 16. b3 Bc5+ 17. Kh1 Bd4 18. Rb1 Bxe5 19. Nc4 Bc7 20. Ba3
b5 21. Nd6+ Bxd6 22. Bxd6 f6 23. Rbc1 Kd7 24. Bg3 Rac8 25. a3 Rxc1 26. Rxc1 Rc8
27. Rxc8 Kxc8 28. Kg1 Kd7 29. Kf2 e5 30. Kf3 Ke6 0-1

[Event "SSC-Rostock-Open 2013"]
[Site "Rostock"]
[Date "2013.07.31"]
[Round "1.17"]
[White "Hanisch, Sebastian"]
[Black "Bardosch, Karl"]
[Result "1-0"]
[WhiteElo "2097"]
[BlackElo "1608"]
[PlyCount "53"]
[EventDate "2013.07.31"]
[EventType "swiss"]
[EventRounds "7"]
[EventCountry "GER"]
[Source "LSV Meck.-Vorp."]
[SourceDate "1999.06.01"]
[WhiteTeam "SF Schwerin"]
[BlackTeam "SSC Rostock 07"]

1. Nf3 d5 2. e3 Nf6 3. b3 Bf5 4. Bb2 e6 5. c4 Nbd7 6. Be2 Bd6 7. O-O O-O 8. Nc3
c6 9. Nh4 Qc7 10. h3 Bg6 11. Nxg6 hxg6 12. d4 Rad8 13. Rc1 dxc4 14. bxc4 a6 15.
Qc2 c5 16. Rfd1 Nb6 17. Ne4 Nxe4 18. Qxe4 Rd7 19. Bd3 Re8 20. f4 f5 21. Qf3 Be7
22. g4 Kf7 23. e4 Bf6 24. e5 Be7 25. d5 Red8 26. gxf5 gxf5 27. Qh5+ 1-0

[Event "SSC-Rostock-Open 2013"]
[Site "Rostock"]
[Date "2013.07.31"]
[Round "1.18"]
[White "Leisner, Ekkehardt"]
[Black "Jurkatis, Hagen"]
[Result "0-1"]
[WhiteElo "1588"]
[BlackElo "2094"]
[PlyCount "164"]
[EventDate "2013.07.31"]
[EventType "swiss"]
[EventRounds "7"]
[EventCountry "GER"]
[Source "LSV Meck.-Vorp."]
[SourceDate "1999.06.01"]
[WhiteTeam "SV Turbine Neubrandenburg"]
[BlackTeam "SK Koenig Tegel 1949"]

1. c4 e5 2. Nc3 d6 3. g3 f5 4. Bg2 Nc6 5. e3 Nf6 6. Nge2 Be7 7. O-O O-O 8. d4
Qe8 9. Nd5 Bd8 10. Nec3 Ne7 11. b3 Kh8 12. Bb2 Nexd5 13. Nxd5 Nxd5 14. Bxd5 e4
15. c5 c6 16. Bc4 d5 17. Be2 f4 18. exf4 Bh3 19. Qd2 Bxf1 20. Rxf1 Qd7 21. Kg2
Bf6 22. Qe3 Rae8 23. h3 Qc7 24. Bc3 Bd8 25. Re1 Qf7 26. Rh1 Bc7 27. Bd2 Qg6 28.
Kh2 Qf6 29. Rf1 b6 30. Bb4 b5 31. Bd2 Qd8 32. a3 Re6 33. Kg2 Rg6 34. Kh2 Qb8
35. Rg1 Rgf6 36. Kg2 Qe8 37. Kf1 Qf7 38. Rg2 h5 39. h4 g6 40. Bd1 Qd7 41. Rh2
Qc8 42. Be2 Qb8 43. Rg2 Qc8 44. Rh2 Qa6 45. Bc1 Qb7 46. Rg2 Qc8 47. Rh2 Qd7 48.
Bd2 Qg7 49. Rg2 Qh6 50. Kg1 R6f7 51. Qc3 Bd8 52. Qc1 Qg7 53. Be3 a5 54. Kh2 Bf6
55. Qd2 Bd8 56. Kh3 Qf6 57. Rh2 Bc7 58. Kg2 Qe7 59. Bd1 Rf5 60. Be2 Kg7 61. Bd1
Kf7 62. Be2 Ke8 63. Bd1 Kd8 64. Be2 Rh8 65. Bd1 Kc8 66. Be2 Bd8 67. Bd1 Qa7 68.
Be2 Be7 69. Qc1 Rd8 70. Rh1 Rff8 71. Qd2 Rd7 72. Bd1 Rfd8 73. Be2 Bxc5 74. dxc5
d4 75. Bxd4 Rxd4 76. Qe3 Qe7 77. Rc1 Rd2 78. b4 a4 79. f3 Qf6 80. fxe4 Ra2 81.
Kf2 Rdd2 82. Qxd2 Rxd2 0-1

[Event "SSC-Rostock-Open 2013"]
[Site "Rostock"]
[Date "2013.07.31"]
[Round "1.19"]
[White "Hodl, Ingolf"]
[Black "Schulz, Ronald"]
[Result "1-0"]
[WhiteElo "2062"]
[BlackElo "1574"]
[PlyCount "53"]
[EventDate "2013.07.31"]
[EventType "swiss"]
[EventRounds "7"]
[EventCountry "GER"]
[Source "LSV Meck.-Vorp."]
[SourceDate "1999.06.01"]
[WhiteTeam "SSC Rostock 07"]
[BlackTeam "SG Eintracht Neubrandenburg"]

1. e4 d5 2. exd5 Nf6 3. d4 Nxd5 4. Nf3 Bg4 5. Bc4 e6 6. c3 Nb6 7. Bb3 c5 8. Be3
cxd4 9. cxd4 Bb4+ 10. Nc3 Nc6 11. a3 Bxc3+ 12. bxc3 Nd5 13. Bd2 O-O 14. h3 Bf5
15. O-O Na5 16. c4 Nf6 17. Bb4 Nxb3 18. Qxb3 Re8 19. a4 b6 20. a5 Be4 21. Rfd1
Qc8 22. Ne5 Nd7 23. Ng4 h5 24. Ne3 Qb7 25. f3 bxa5 26. Rxa5 Reb8 27. Rb5 1-0

[Event "SSC-Rostock-Open 2013"]
[Site "Rostock"]
[Date "2013.07.31"]
[Round "1.20"]
[White "Kreutz, Ralf"]
[Black "Ruesch, Hans Joachim"]
[Result "0-1"]
[WhiteElo "1573"]
[BlackElo "2051"]
[PlyCount "94"]
[EventDate "2013.07.31"]
[EventType "swiss"]
[EventRounds "7"]
[EventCountry "GER"]
[Source "LSV Meck.-Vorp."]
[SourceDate "1999.06.01"]
[WhiteTeam "SV Koenigsjaeger Sued-West"]
[BlackTeam "SF Ostsee Warnemuende"]

1. e4 g6 2. Nf3 Bg7 3. d4 d6 4. Be3 Nf6 5. Nbd2 O-O 6. c3 Nc6 7. Be2 e5 8. d5
Ne7 9. h3 Nh5 10. Nh2 Nf4 11. Bxf4 exf4 12. Qc2 f5 13. O-O-O fxe4 14. Nxe4 Bf5
15. Bg4 c5 16. Nf3 Qa5 17. Bxf5 Nxf5 18. a3 b5 19. Nfg5 b4 20. a4 bxc3 21. bxc3
Rfb8 22. Kd2 Nd4 23. Qd3 Rb2+ 24. Ke1 Nf5 25. Ne6 Be5 26. h4 Qxa4 27. h5 Qd7
28. hxg6 hxg6 29. N4g5 Qb5 30. Qxb5 Bxc3+ 31. Kf1 Rxb5 32. Nc7 Rab8 33. Nxb5
Rxb5 34. Rh7 Bf6 35. Rxa7 Bxg5 36. Rda1 Bf6 37. Re1 Be5 38. Ke2 c4 39. Kf3 Rxd5
40. Rb1 Rd3+ 41. Kg4 Rb3 42. Rh1 Bf6 43. Re1 Rb8 44. Re6 Rf8 45. Kxf4 Nd4 46.
Re4 c3 47. Rc7 Bd8+ 0-1

[Event "SSC-Rostock-Open 2013"]
[Site "Rostock"]
[Date "2013.07.31"]
[Round "1.21"]
[White "Helms, Sven"]
[Black "Schamber, Dennis"]
[Result "1-0"]
[WhiteElo "2046"]
[BlackElo "1544"]
[PlyCount "77"]
[EventDate "2013.07.31"]
[EventType "swiss"]
[EventRounds "7"]
[EventCountry "GER"]
[Source "LSV Meck.-Vorp."]
[SourceDate "1999.06.01"]
[WhiteTeam "SF Schwerin"]
[BlackTeam "TuS Makkabi Rostock"]

1. d4 d5 2. c4 e6 3. Nc3 Nf6 4. Nf3 c6 5. e3 Nbd7 6. Bd3 a6 7. O-O b5 8. b3 Bb7
9. Qc2 Bd6 10. c5 Bc7 11. Bb2 O-O 12. Ne2 Re8 13. Ne5 Nxe5 14. dxe5 Nd7 15. f4
g6 16. b4 a5 17. a3 Nb8 18. Nd4 Na6 19. Bc3 Nb8 20. e4 a4 21. Rad1 Nd7 22. exd5
exd5 23. e6 fxe6 24. Bxg6 hxg6 25. Qxg6+ Kf8 26. Qh6+ Kf7 27. Qh7+ Kf8 28. Nf5
Re7 29. Qh8+ Kf7 30. Qh5+ Kf8 31. Qh8+ Kf7 32. Qg7+ Ke8 33. Qg8+ Nf8 34. Bf6
exf5 35. Bxe7 Kxe7 36. Qg7+ Ke8 37. Rfe1+ Be5 38. Rxe5+ Ne6 39. Rxe6+ 1-0

[Event "SSC-Rostock-Open 2013"]
[Site "Rostock"]
[Date "2013.07.31"]
[Round "1.22"]
[White "Lick, Helmut"]
[Black "Kutschke, Peter"]
[Result "0-1"]
[WhiteElo "1489"]
[BlackElo "2045"]
[PlyCount "60"]
[EventDate "2013.07.31"]
[EventType "swiss"]
[EventRounds "7"]
[EventCountry "GER"]
[Source "LSV Meck.-Vorp."]
[SourceDate "1999.06.01"]
[WhiteTeam "SK Lister Turm"]
[BlackTeam "HSG Uni Rostock"]

1. d4 d5 2. Nf3 Bf5 3. g3 e6 4. Bg2 h6 5. O-O Nf6 6. Nbd2 Nbd7 7. b3 c6 8. Bb2
Be7 9. c4 O-O 10. Re1 Re8 11. Ne5 Qb6 12. c5 Qc7 13. f4 Red8 14. h3 Nxe5 15.
fxe5 Nd7 16. Nf3 a5 17. Qc1 b6 18. cxb6 Qxb6 19. Ba3 Bxa3 20. Qxa3 Nxe5 21. Qc5
Qxc5 22. dxc5 Nxf3+ 23. exf3 Rdb8 24. g4 Bg6 25. Rac1 a4 26. bxa4 Rb2 27. a3
Rb3 28. Ra1 Rxa4 29. Reb1 Rxb1+ 30. Rxb1 Bxb1 0-1

[Event "SSC-Rostock-Open 2013"]
[Site "Rostock"]
[Date "2013.07.31"]
[Round "1.23"]
[White "Hilbig, Dieter"]
[Black "Wurst, Maximilian"]
[Result "1/2-1/2"]
[WhiteElo "2029"]
[BlackElo "1441"]
[PlyCount "54"]
[EventDate "2013.07.31"]
[EventType "swiss"]
[EventRounds "7"]
[EventCountry "GER"]
[Source "LSV Meck.-Vorp."]
[SourceDate "1999.06.01"]
[WhiteTeam "ESV Gera"]
[BlackTeam "SSC Rostock 07"]

1. e4 e5 2. Nf3 Nc6 3. Bc4 Bc5 4. c3 Nf6 5. d3 h6 6. b4 Bb6 7. b5 Na5 8. Nxe5
O-O 9. Nd2 d6 10. Nef3 Re8 11. O-O d5 12. exd5 Nxd5 13. Bb2 Bf5 14. d4 Nf4 15.
Ne5 Nxc4 16. Ndxc4 f6 17. Nxb6 axb6 18. Nf3 Bd3 19. Re1 Rxe1+ 20. Nxe1 Qd5 21.
a4 Re8 22. Qg4 Ne2+ 23. Kh1 h5 24. Qh3 Bf5 25. Qxh5 Qe6 26. h3 Nf4 27. Qh4 g5
1/2-1/2

[Event "SSC-Rostock-Open 2013"]
[Site "Rostock"]
[Date "2013.07.31"]
[Round "1.24"]
[White "Schulz, Daniel"]
[Black "Peschke, Uwe"]
[Result "0-1"]
[WhiteElo "1383"]
[BlackElo "2025"]
[PlyCount "56"]
[EventDate "2013.07.31"]
[EventType "swiss"]
[EventRounds "7"]
[EventCountry "GER"]
[Source "LSV Meck.-Vorp."]
[SourceDate "1999.06.01"]
[WhiteTeam "SG Eintracht Neubrandenburg"]
[BlackTeam "SC Empor Potsdam 1952"]

1. e4 d5 2. exd5 Qxd5 3. Nc3 Qa5 4. Bc4 Nf6 5. d4 c6 6. Bd2 Bf5 7. Nf3 e6 8.
O-O Nbd7 9. d5 cxd5 10. Nxd5 Qc5 11. Nxf6+ gxf6 12. Bb3 O-O-O 13. Be3 Qa5 14.
Qd4 Ne5 15. Qf4 Bd6 16. Nxe5 Bxe5 17. Qc4+ Qc7 18. Qxc7+ Kxc7 19. c3 b6 20. f4
Bd6 21. Rad1 Bg4 22. Rd2 Bc5 23. Bd4 e5 24. fxe5 fxe5 25. Rxf7+ Kb8 26. Rg7
exd4 27. Kf1 Rhf8+ 28. Ke1 Rde8+ 0-1

[Event "SSC-Rostock-Open 2013"]
[Site "Rostock"]
[Date "2013.07.31"]
[Round "1.25"]
[White "Heerde, Thomas"]
[Black "Kreutz, Jonas"]
[Result "1-0"]
[WhiteElo "2001"]
[BlackElo "1327"]
[PlyCount "39"]
[EventDate "2013.07.31"]
[EventType "swiss"]
[EventRounds "7"]
[EventCountry "GER"]
[Source "LSV Meck.-Vorp."]
[SourceDate "1999.06.01"]
[WhiteTeam "SC Weisse Dame"]
[BlackTeam "SV Koenigsjaeger Sued-West"]

1. e4 e6 2. d3 d5 3. Nd2 c5 4. Ngf3 Nc6 5. g3 Nf6 6. Bg2 Qa5 7. O-O Be7 8. a3
O-O 9. c3 Rd8 10. e5 Nd7 11. Re1 b5 12. h4 f6 13. exf6 Bxf6 14. d4 Qc7 15. Nb3
c4 16. Bf4 e5 17. dxe5 Bxe5 18. Qxd5+ Kh8 19. Ng5 Rf8 20. Ne6 1-0

[Event "SSC-Rostock-Open 2013"]
[Site "Rostock"]
[Date "2013.07.31"]
[Round "1.26"]
[White "Rozhanskyy, Oleksiy"]
[Black "Pererva, Viktor"]
[Result "0-1"]
[WhiteElo "1199"]
[BlackElo "2019"]
[PlyCount "48"]
[EventDate "2013.07.31"]
[EventType "swiss"]
[EventRounds "7"]
[EventCountry "GER"]
[Source "LSV Meck.-Vorp."]
[SourceDate "1999.06.01"]
[WhiteTeam "SSC Rostock 07"]
[BlackTeam "SSC Rostock 07"]

1. e4 e5 2. Nf3 Nc6 3. Bc4 Nf6 4. d3 Bc5 5. Bg5 h6 6. Bh4 d6 7. O-O Bg4 8. Nbd2
Na5 9. Bb3 Nxb3 10. axb3 Qd7 11. c3 g5 12. Bg3 h5 13. h4 Nh7 14. hxg5 Nxg5 15.
Bh4 Rg8 16. b4 Bb6 17. Bxg5 Rxg5 18. Nc4 Rg6 19. Nxb6 cxb6 20. d4 Qe7 21. dxe5
dxe5 22. Qa4+ Kf8 23. Nd2 Qg5 24. Nc4 Bd1 0-1